000 00628nam a2200205Ii 4500
001 8439
003 CO-ViMGA
008 241108s9999||||xx |||||||||||||| ||und||
040 _aCO-ViMGA
_bspa
_erda
_cCO-ViMGA
041 0 _aunk
082 0 4 _a914 F825
100 1 _aMaría Cristina Franco A.
_956141
245 1 0 _aGeografía del Antiguo Continente y Oceanía
264 1 _a[Lugar de publicación no identificado] : Ediciones USTA, 1985
300 _avolumen
336 _atext
_btxt
_2rdacontent
337 _aunmediated
_bn
_2rdamedia
338 _avolume
_bnc
_2rdacarrier
940 _aidficha_siabuc: 8246. -- ficha_no_siabuc:8439
999 _c53947
_d53947